[Event "NRW Class2 1819"]
[Site "Germany"]
[Date "2018.12.09"]
[Round "4.1"]
[White "Van Lith, Arjan"]
[Black "Nasuta, Grzegorz"]
[Result "0-1"]
[WhiteElo "2157"]
[BlackElo "2503"]
[PlyCount "72"]
[EventDate "2018.09.16"]
[EventType "team-tourn"]
[EventRounds "9"]
[EventCountry "GER"]
[SourceTitle "EXT 2022"]
[Source "ChessBase"]
[SourceDate "2021.10.06"]
[SourceVersion "1"]
[SourceVersionDate "2021.10.06"]
[SourceQuality "1"]
[WhiteTeam "Suedlohn"]
[BlackTeam "Godesberg"]
[WhiteTeamCountry "GER"]
[BlackTeamCountry "GER"]

1. e4 c5 2. Nf3 d6 3. Bb5+ Nd7 4. 0-0 a6 5. Bd3 Ngf6 6. c3 b5 7. Re1 Bb7 8. Bc2 e5 9. d4 Be7 10. Nbd2 0-0 11. d5 c4 12. Nf1 Qc7 13. h3 a5 14. N3h2 Nc5 15. Ng4 Ncxe4 16. Nfe3 g6 17. Qf3 Nxg4 18. Nxg4 Nc5 19. Nh6+ Kh8 20. Nf5 Bc8 21. Nxe7 Qxe7 22. Bh6 Rg8 23. Qe3 Bf5 24. Bxf5 gxf5 25. f4 f6 26. fxe5 fxe5 27. Rf1 Qf6 28. g4 f4 29. Bxf4 exf4 30. Rxf4 Qe5 31. Qf3 Rae8 32. Kh1 Nd3 33. Rf6 Ne1 34. Qf2 Qxd5+ 35. Kg1 Nd3 36. Qa7 Re2 0-1